000 00712nam a2200253Ia 4500
003 OSt
005 20221006160508.0
006 a|||||r|||| 00| 0
007 ta
008 221006b |||||||| |||| 00| 0 eng d
024 _a45,320
037 _cSeries Articles
040 _aEASL
_cEASL
_beng
041 _2eng
_aeng
100 _aMoran Arik
_9407543
245 0 _a'Rani of Sirmur' Revisited
_b Sati and sovereignty in theory and practice
260 _aNew York
_bCambridge University Press U.K
_c2015
300 _a302-335 Pp.
_ccm.
490 _v49
650 _a Theory and practice
_9673887
650 _aAsian Studies
942 _cREF
_2CC
999 _c1113412
_d1113412